000
00259nam a2200097Ia 4500
001
1103580
005
20250827003343.0
008
250824s9999 xx 000 0 und d
245
0
_a
ARADIĞINI BULDUĞUN YERDESİN
_c
BİRCAN YILDIRIM
260
_b
DESTEK YAYINLARI
999
_c
1103580
_d
1103580